|
|
|
|
| LEADER |
02181nam a2200337 a 4500 |
| 001 |
GR-MES11502 |
| 008 |
070214s gr b 000 0 gre d |
| 020 |
|
|
|a 9608249066
|
| 040 |
|
|
|a GrPaTEI
|b gre
|c GR-PaULI
|
| 040 |
|
|
|a GrPaTEI
|b gre
|c GR-PaULI
|
| 082 |
|
0 |
|a 659.2
|2 21
|
| 100 |
1 |
|
|a Παπαλεξανδρή, Νάνσυ Α.
|
| 245 |
1 |
0 |
|a Δημόσιες σχέσεις :
|b Η λειτουργία της επικοινωνίας στη σύγχρονη επιχείρηση /
|c Νάνσυ Α.Παπαλεξανδρή.
|
| 250 |
|
|
|a 2η εκδ.
|
| 260 |
|
|
|a Αθήνα :
|b Γ.Μπένου,
|c 2001
|
| 300 |
|
|
|a 282σ. :
|b εικ. ;
|c 21εκ.
|
| 500 |
|
|
|a ΣΥΣΤΗΜΑ "ΕΥΔΟΞΟΣ" αρ. εισ. 26198, 26813, 27350, 27739
|
| 504 |
|
|
|a Περιλαμβάνει βιβλιογραφία.
|
| 610 |
|
4 |
|a Σύστημα ΕΥΔΟΞΟΣ
|
| 650 |
|
4 |
|a ΔΗΜΟΣΙΕΣ ΣΧΕΣΕΙΣ
|
| 650 |
|
4 |
|a Πολιτική της επικοινωνίας
|
| 650 |
|
4 |
|a Πολιτική της επιχείρησης
|
| 710 |
0 |
|
|a Μπένου Γ.
|
| 942 |
|
|
|2 ddc
|
| 971 |
|
|
|a .b25775492
|b 15-04-20
|c 13-09-16
|
| 999 |
|
|
|c 156215
|d 156215
|
| 952 |
|
|
|0 0
|1 0
|2 ddc
|4 0
|6 659_200000000000000_ΠΑΠ
|7 0
|9 270461
|a MSLG
|b MSLG
|c BSC
|d 2021-01-17
|e 24
|f 1
|g 0.00
|i 21246
|l 0
|o 659.2 ΠΑΠ
|p 2420000021246
|r 2021-01-17
|t 1
|w 2021-01-17
|y BK15
|x 20070214 0 1
|x GrPaTEI
|
| 952 |
|
|
|0 0
|1 0
|2 ddc
|4 0
|6 659_200000000000000_ΠΑΠ
|7 0
|9 270462
|a MSLG
|b MSLG
|c EUD
|d 2021-01-17
|e 24
|f 1
|g 0.00
|i 26198
|l 0
|o 659.2 ΠΑΠ
|p 2420000026198
|r 2021-01-17
|t 2
|w 2021-01-17
|y BK15
|x 20130926 0 1
|x GrPaTEI
|
| 952 |
|
|
|0 0
|1 0
|2 ddc
|4 0
|6 659_200000000000000_ΠΑΠ
|7 0
|9 270463
|a MSLG
|b MSLG
|c EUD
|d 2021-01-17
|e 24
|f 0
|g 0.00
|i 26813
|l 0
|o 659.2 ΠΑΠ
|p 2420000026813
|r 2021-01-17
|t 3
|v 2021.00
|w 2021-01-17
|y BK15
|x 20130926 0 0
|x GrPaTEI
|
| 952 |
|
|
|0 0
|1 0
|2 ddc
|4 0
|6 659_200000000000000_ΠΑΠ
|7 0
|9 270464
|a MSLG
|b MSLG
|c EUD
|d 2021-01-17
|e 24
|f 0
|g 0.00
|i 27350
|l 0
|o 659.2 ΠΑΠ
|p 2420000027350
|r 2021-01-17
|t 4
|w 2021-01-17
|y BK15
|x 20140506 0 Α.Ι. 1
|x GrPaTEI
|
| 952 |
|
|
|0 0
|1 0
|2 ddc
|4 0
|6 659_200000000000000_ΠΑΠ
|7 0
|9 270465
|a MSLG
|b MSLG
|c EUD
|d 2021-01-17
|e 24
|f 1
|g 0.00
|i 27739
|l 0
|o 659.2 ΠΑΠ
|p 2420000027739
|q 2017-02-10
|r 2021-01-17
|t 5
|w 2021-01-17
|y BK15
|x 20150417 0 Α.Ι. 1
|x GrPaTEI
|